SCH:Discographie complète 2025 - Statistiques

Statistiques générales
  • Ce quiz a été pris 668 fois
    563 depuis la dernière actualisation
  • Le résultat moyen est 102 sur 238
Statistiques - réponses
Titre % Correct
A7 A7
91%
Anarchie Anarchie
79%
A7 Fusil
78%
A7 John lennon
77%
Worms-T Ciel
76%
JVLIVS Otto
75%
JVLIVS Prequel Prequel
74%
A7 champs Elysées
73%
JVLIVS III Stigmates
73%
JVLIVS Bénéfice
72%
A7 (Genny & Ciiro) Gomorra
72%
JVLIVS II Marché noir
72%
JVLIVS Ciel rouge
71%
JVLIVS VNTM
71%
Rooftop Interlude
70%
Deo Favente La nuit
70%
JVLIVS II Loup noir
70%
JVLIVS III Lumière blanche
70%
Autobahn Autobahn
69%
JVLIVS Prequel Ciel bleu
69%
JVLIVS Le code
68%
A7 Liquide
68%
JVLIVS III Soldi famiglia
68%
JVLIVS Prequel Cannelloni
67%
JVLIVS Ivresse & Hennessy
67%
JVLIVS III La pluie
67%
Deo Favente Comme si
66%
JVLIVS III Deux mille
66%
JVLIVS Pharmacie
66%
JVLIVS Prêt à partir
66%
Anarchie Je la connais
65%
JVLIVS Prequel Les hommes aux yeux noirs
65%
13 Organisé Bande organisée
64%
JVLIVS Prequel Crois-moi
64%
A7 Solides
64%
JVLIVS II Mannschaft
64%
JVLIVS III Missiles
64%
Rooftop Cervelle
63%
JVLIVS Prequel Garcimore
63%
Anarchie Himalaya
63%
JVLIVS Skydweller
63%
JVLIVS Prequel Hells Kitchen
62%
Anarchie Allo maman
61%
Rooftop Mayday
61%
JVLIVS II Mode akimbo
61%
JVLIVS Tokarev
61%
JVLIVS III 02:00
60%
Rooftop Baden Baden
60%
JVLIVS III (Interlude) Interlude - Jour d'octobre
60%
Deo Favente MAC 11
60%
JVLIVS III Miroirs
60%
A7 Pas de manières
60%
Rooftop R.A.C
60%
JVLIVS Prequel Calabre
59%
A7 Gedeon
59%
Hamza Fade Up
58%
JVLIVS Prequel Gris
58%
JVLIVS III (Bonus) Hells Angels
58%
JVLIVS III Le taulier
58%
JVLIVS III Quartiers nord
58%
JVLIVS III Rose noire
58%
Deo Favente 6.45i
57%
JVLIVS Prequel Beaux arts
57%
Anarchie Cartine Cartier
57%
JVLIVS II Crack
57%
Anarchie Le doc
57%
Deo Favente Nino Brown
57%
JVLIVS Prequel Batterie vide
56%
JVLIVS II Fournaise
56%
Anarchie Neuer
56%
JVLIVS II (Bonus) Tempête
56%
Rooftop Ça ira
55%
JVLIVS Incompris
55%
Avant A7 La Mallette
55%
JVLIVS Mort de rire
55%
JVLIVS III Multirécidiviste
55%
Zola 9113
54%
Autobahn LIF
54%
Deo Favente Météore
54%
Avant A7 Morpheus
54%
A7 Rêves de gosses
54%
JVLIVS II Aluminium
53%
JVLIVS III Anamnèse
53%
Deo Favente Ca va
53%
JVLIVS Prequel (Bonus) CEO
53%
Kaaris Cigarette
53%
JVLIVS III Dans la tête
53%
JVLIVS Facile
53%
Hamza HS
53%
Rooftop Petit coeur
53%
A7 J'reviens de loin
52%
Deo Favente Poupée russe
52%
Autobahn Magnum
51%
Rooftop Super Silver Haze
51%
Rooftop Ah gars
50%
Rooftop All eyes on me
50%
A7 Drogue prohibée
50%
PLK Hier
50%
JVLIVS J't'en prie
50%
Naza Mauvais
50%
Anarchie Murcielago
50%
JVLIVS Prequel Balafres
49%
Rooftop Ciment
49%
Anarchie Dix neuf
49%
JVLIVS II (Bonus) Fantôme
49%
Autobahn Lilou Dallas
49%
Deo Favente Temps mort
49%
Freestyle Booska 5 Booska JVLIVS
48%
JVLIVS II Corrida
48%
JVLIVS III D'hier à aujourd'hui
48%
JVLIVS II Mafia
48%
Avant A7 (Sur RIPRO) Millions
48%
Autobahn Niobe
48%
JVLIVS Prequel Quoi
48%
JVLIVS Prequel (Bonus) Adorable
47%
JVLIVS II Assoces
47%
Deo Favente J'attends
47%
JVLIVS II Parano
47%
Autobahn (Bonus) Dernière ligne droite
46%
JVLIVS II Euro
46%
JVLIVS Prequel Jimmy Twice
46%
Vald Dernier retrait
44%
Avant A7 Massimo
44%
Freestyle Booska 4 Booska Favente
43%
Freestyle Booska 7 Booska Prequel
43%
Deo Favente Pas la paix
43%
JVLIVS II Raisons
43%
Autobahn Transmission Automatique
43%
Autobahn Actes
42%
Rooftop (Bonus) Haut standing
42%
Jul Mother Fuck
42%
Anarchie Quand on était mômes
42%
Rooftop Tant pis
42%
Rim'K, Koba laD Valise
42%
JVLIVS II Zone à danger
42%
Rooftop Frime
41%
JVLIVS II Grand bain
41%
Soso Maness Les derniers marioles
41%
JVLIVS II Plus rien à se dire
41%
Anarchie Alleluia
40%
Autobahn Blanc Bleu
40%
Deo Favente Day date
40%
Deo Favente Ma kush
40%
Rooftop Solitude
40%
Deo Favente Allez leur dire
39%
Vald Halloween
39%
Naps La danse des bandits
39%
Autobahn Marginaux
39%
Rooftop Paye
39%
Rooftop Tirer un trait
39%
Freestyle Booska 3 Boosk'Anarchie
38%
Freestyle Booska 6 Booska Rooftop
38%
Jul, Gims GJS
38%
Deo Favente Les années de plomb
38%
Lefa Smile
38%
Anarchie Trop énorme
38%
Autobahn (Bonus) King
36%
A7 Mauvaises idées
36%
Sofian American Airlines
35%
Werenoi Magot
34%
Anarchie Essuie tes larmes
33%
Le classico organisé Le classico organisé
33%
Deo Favente Slow Mo
33%
Autobahn Vivienne Westwood
32%
Twinsmatic X2
32%
Rooftop Every Day
31%
Autobahn 83K
30%
Autobahn Cœur de môme
30%
Autobahn (Bonus) Madre Mia
30%
Vladimir Cauchemar, Unknown T Extendo
29%
Sadek,Ninho Kimono
29%
L'algerino, Jul Sapapaya
29%
13 Organisé 2 Bande organisée 2
28%
Autobahn Blue Bahamas
28%
Autobahn (Bonus) Comme Avant
28%
Avant A7 Mardi graas
28%
Kaaris Automatic
27%
Niska Mauvais payeur
27%
6ix9ine, Farid Bang,Capo International Gangstas
26%
13 Block Pavel
26%
Soolking Tiki taka
26%
Rooftop (Bonus) DLB
25%
Werenoi, Maes La vie de star
25%
Dinos Ma baby
25%
Deo Favente (Bonus) Hold Up
24%
Autobahn Offshore
24%
Le A Secteur
24%
PLK Incontrôlables
23%
Soolking Maryline
23%
Sfera Ebbasta XNX
23%
Bosh Business
22%
Rooftop (Bonus) Innocents
22%
Shay Paradis
22%
Niro Solvable
21%
Avant A7 TITVS
20%
Hooss Aniki, mon frère
19%
Sfera Ebbasta Balenciaga
19%
Alonzo,Zeg-P,Josman Juste une minute
19%
WarEnd Plage enneigée
19%
Rim'K Rien de lavable
19%
Lacrim, Sadek 6.35
18%
Da Uzi Ni amour ni amitié
18%
Kofs Caractère
17%
Guirri Mafia Comme un dream
17%
13 Organisé L'étoile sur le maillot
17%
RK Diva
16%
So la lune Suspects
16%
Le A Cursus
15%
Sadek La Paresse
15%
REC 118 La vie du binks
15%
Le classico organisé Légendaire
15%
Dospuntos Poison
15%
Fresh Spécial
15%
Soso Maness Va jober
15%
Alonzo Goyard
14%
Kaaris, Worms-T Ou sont les €
14%
Lacrim (unrelease) Tramontane
14%
Freestyle Booska 2 Booskalpel
13%
13 Organisé Je suis marseille
13%
Alonzo, DJ Quick Diamant
12%
Kore, Lacrim Tony
12%
Naps Coffre fort
11%
Naps Dreamlife
11%
Avant A7 Que le doigt
11%
Naps, Jul, Kalif Hardcore Avengers
10%
Avant A7 C'est la vie
10%
Freestyle Booska 1 Booska Puto
9%
Akhenaton (Chroniques de Mars 3) Chiens Fantômes
9%
Lacrim Laisse les
9%
Jul,Alonzo Le trio ternura
8%
Avant A7 Paye moi ma drogue
8%
Le classico organisé C'est pas un film
7%
Avant A7 Gangrene
7%
kore, Lacrim, Lapso Laps, Sadek Mon frelo
7%
Lacrim, Rimkus, Walid On y est
7%
13 Organisé C'est maintenant
6%
Sprano, Alonzo, Jul Planète Mars 2021
6%
Houari Fais pas confiance
5%
Aucun quiz correspondant
Distribution des résultats
% des personnes avec chaque résultat
Percentile par nombre de réponses
Votre historique - résultats
Vous n’avez pas pris ce quiz depuis la dernière actualisation